000 00868cam a22002897a 4500
003 CHAP
005 20220329135103.0
008 971013s1966 r 00010 d
010 _a30730
011 _a31702
035 _a35814
040 _cCHAP
090 _aFolleto 1407
100 0 0 _aCortés Lombana, Abdón.
_928373
245 0 _aSuelos de Ando en la República Mexicana
260 _a(s.l.) :
_bSociedad Mexicana de la Ciencia del Suelo,
_c1966
300 _a39 p.
590 _aBATCH-UPD
_b10
_c20130110
_lUCH01
_h1850
590 _aBATCH-UPD
_b10
_c20130410
_lUCH01
_h1219
590 _aBATCH-UPD
_b10
_c20130914
_lUCH01
_h1109
590 _aCONVERSION
_b10
_c20130109
_lUCH01
_h1317
650 1 4 _aSuelos de ando.
_9110542
650 1 4 _aSuelos
_xMéxico.
_9110441
901 _aBK
942 _cFOLL
949 _aFolleto 1407
_bBC
_cFOLL
_d-82737
_eTS1
_i35814
_si
999 _c30730
_d30730